| 000 | 02167nam2a2200385 4500 | ||
|---|---|---|---|
| 001 | RU\NLR\BIBL_A\011640704 | ||
| 005 | 20210607111817.0 | ||
| 010 |
_a978-5-907016-93-4 _bт.2 _9400 |
||
| 021 |
_aRU _bКН-П-18-004826 _9КН-П-18-0332 |
||
| 035 | _a(NLR Aleph) 011640704 | ||
| 090 |
_a11078194 _c11078194 |
||
| 100 | _a20180221d2017 k y0rusy50 ca | ||
| 101 | 0 | _arus | |
| 102 | _aRU | ||
| 105 | _aachbf|||000zy | ||
| 135 | _acrmn mmmanaba | ||
| 200 | 0 | _aТ. 2 | |
| 210 | _d2017 | ||
| 215 |
_a1137 с. _cил., портр., факс., карт., табл. |
||
| 300 | _aНа с. 1128-1130 авт.: Смыслов А.Г., к.э.н., Смыслов П.А., к.ист.н. | ||
| 320 | _aБиблиогр. в тексте и в подстроч. примеч. | ||
| 325 | _aКопия доступна в Электрон. б-ке РНБ | ||
| 461 | 0 |
_1001RU\NLR\BIBL_A\011617552 _12001#$aЦарицыно$eоб истории юга Москвы$eэнциклопедия$e[в двух томах]$fСмыслов Александр Григорьевич, Смыслов Павел Александрович$vТ. 2 _1700#1$aСмыслов$bА. Г.$f1951-2016$gАлександр Григорьевич _910967868 _aСмыслов, А. Г. (1951-2016) _cМосква _d2017 _fСмыслов Александр Григорьевич, Смыслов Павел Александрович _nПеро _oоб истории юга Москвы : энциклопедия : [в двух томах] _tЦарицыно _y978-5-907016-47-7 _vТ. 2 |
|
| 852 |
_aNLR _j2018-7/359 |
||
| 856 | 0 | _uhttp://vivaldi.nlr.ru/bx000075277/view | |
| 856 | 1 | _uhttp://vivaldi.nlr.ru/bx000075277/cover | |
| 856 | 2 | _uhttp://vivaldi.nlr.ru/bx000075277/text | |
| 942 | _cBOOK | ||
| 980 | _aNBR | ||
| 980 | _aNB | ||
| 981 | 2 | 2 |
_a(22) Материалы по истории России _b(22) История России с 25 октября (7 ноября) 1917 года |